| 000 | 005380000a22002050004500 | ||
|---|---|---|---|
| 003 | LK-CoMWRAF | ||
| 005 | 20230928080019.0 | ||
| 008 | 230817t ||||| |||| 00| 0 eng d | ||
| 020 | _a8171012787 | ||
| 040 |
_aLK-CoMWRAF _dLK-CoMWRAF _eLK-CoMWRAF |
||
| 041 | _aeng | ||
| 082 |
_a297.63 _bBRI |
||
| 245 | _aBrief Life of the Blessed Prophet | ||
| 260 |
_aNew Delhi : _bIdara Isha'at-E-Diniyat (P) Ltd, _c2004 |
||
| 300 | _a148p | ||
| 650 | _aIslam | ||
| 650 | _aProphet--Life | ||
| 700 |
_aSiddqi, Mohammad Sami _etrans. |
||
| 942 | _cBK | ||
| 999 |
_c943 _d943 |
||